Statistiques concernant Nouveaux Mots 2020

Cliquez ici pour prendre le quiz!

Statistiques générales

  • Ce quiz a été pris 24 fois
  • Le résultat moyen est 2 sur 10

Statistiques - réponses

Genre Définition Mot % Correct
FémininPhénomène générationnel touchant certains jeunes gens qui, en dépit de leur entrée dans l'âge adulte, continuent d'avoir un comportement comparable à celui qu'ont généralement les adolescents.Adulescence
54%
Verbe(Québec) Révéler prématurément un élément clef de l'intrigue d'une oeuvre de fiction ; spoiler.Divulgâcher
50%
FémininMoyen de paiement virtuel, utilisable essentiellement sur Internet, s'appuyant sur la cryptographie pour sécuriser les transactions et la création d'unités et échappant à tout contrôle des régulateurs et des banques centrales.Cryptomonnaie
42%
MasculinEnsemble des réseaux permettant de partager de manière anonyme des données cryptées inaccessibles aux moteurs de recherche traditionnels.Darknet
17%
MasculinPetit dispositif de géolocalisation par satellite, constitué d'une balise autonome dont on équipe une personne, un véhicule ou un objet et qui, associée à une interface numérique, permet de suivre leurs déplacements.Traceur
8%
Masculin(Algérie) Chauffeur de taxi.Taxieur
4%
MasculinAppareil servant à dissoudre du gaz carbonique dans une boisson pour la rendre gazeuse.Gazéificateur
4%
FémininPour un être vivant, capacité à ressentir les émotions, la douleur, le bien-être et à percevoir de façon subjective son environnement et ses expériences de vie.Sentience
0%
FémininAddiction caractérisée par un besoin irrépressible de pratiquer intensivement une activité sportive, malgré le risque de blessure ou d'épuisement et parfois, même, aux dépens de sa vie professionnelle et familiale.Bigorexie
0%
MasculinGâteau en forme de pain long recouvert de sucre glace, souvent fourré à la pâte d'amandes, contenant des fruits confits, des amandes et des raisins secs macérés dans du rhum, que l'on confectionne pour Noël.Stollen
0%

Distribution des résultats

Percentile by Number Answered

% des personnes avec chaque résultat

Votre développement - résultats

Vous n’avez pas pris ce quiz